What do you say to a hungry world? / (Record no. 1882)

MARC details
000 -LEADER
fixed length control field 00877nam a2200301 i 4500
001 - CONTROL NUMBER
control field 2622
003 - CONTROL NUMBER IDENTIFIER
control field GBCCL
005 - DATE AND TIME OF LATEST TRANSACTION
control field 20241126110411.0
008 - FIXED-LENGTH DATA ELEMENTS--GENERAL INFORMATION
fixed length control field 750822s1975 txua b 00010 engm
010 ## -
-- 75010086
020 ## - INTERNATIONAL STANDARD BOOK NUMBER
Terms of availability $6.95
035 ## - SYSTEM CONTROL NUMBER
System control number OCM01594017 821001
040 ## - CATALOGING SOURCE
Original cataloging agency DLC
Transcribing agency DLC
Modifying agency m.c.
-- LBB
049 ## -
-- LBBK
050 0# -
-- HD9000.5
-- .M67
082 ## - DEWEY DECIMAL CLASSIFICATION NUMBER
Classification number 261.8326
-- 338.19
Item number MOO
092 ## - LOCALLY ASSIGNED DEWEY CALL NUMBER (OCLC)
Classification number 338.19
Item number M818
100 10 - MAIN ENTRY--PERSONAL NAME
Personal name Mooneyham, W. Stanley
Fuller form of name (Walter Stanley),
Dates associated with a name 1926-
9 (RLIN) 3931
245 10 - TITLE STATEMENT
Title What do you say to a hungry world? /
Statement of responsibility, etc. by W. Stanley Mooneyham.
260 0# - PUBLICATION, DISTRIBUTION, ETC.
Place of publication, distribution, etc. Waco, Tex. :
Name of publisher, distributor, etc. Word Books,
Date of publication, distribution, etc. c1975.
300 ## - PHYSICAL DESCRIPTION
Extent 272 p. :
Other physical details ill. ;
Dimensions 23 cm.
504 ## - BIBLIOGRAPHY, ETC. NOTE
Bibliography, etc. note Bibliography: p. 263-265.
650 #0 - SUBJECT ADDED ENTRY--TOPICAL TERM
Topical term or geographic name entry element Food supply.
9 (RLIN) 3932
650 #0 - SUBJECT ADDED ENTRY--TOPICAL TERM
Topical term or geographic name entry element Food relief.
9 (RLIN) 3933
650 #0 - SUBJECT ADDED ENTRY--TOPICAL TERM
Topical term or geographic name entry element Starvation.
9 (RLIN) 3934
870 19 - VARIANT PERSONAL NAME (SE) [OBSOLETE]
Tag and sequence number 100/1
Personal name Mooneyham, Walter Stanley,
Dates associated with a name 1926-
942 ## - ADDED ENTRY ELEMENTS (KOHA)
Source of classification or shelving scheme Dewey Decimal Classification
Koha item type Books
Holdings
Withdrawn status Lost status Source of classification or shelving scheme Damaged status Not for loan Home library Current Library Shelving location Date acquired Total checkouts Full call number Barcode Date last seen Copy number Price effective from Koha item type
    Dewey Decimal Classification     GRACE BIBLE COLLEGE GRACE BIBLE COLLEGE Ministry & Mission 2017-05-31   261.8326 MOO 009482 2025-05-01 c.1 2017-05-31 Books
© Grace Bible College Library 2025